000 03008nam a22002297a 4500
005 20250805102341.0
008 240222b ||||| |||| 00| 0 eng d
020 _a9789354356124
040 _cAL
041 _aEnglish
082 _223
_a320.5
_bHEYP
100 _aAndrew Heywood
_9233880
245 _aPolitical Ideologies
_b: An Introduction Ed 7
250 _a7
260 _aNew Delhi
_bBloomsbury
_c2022
300 _axiv,292p
_bPB
_c24x16.7 cm
365 _a7805
_b₹479.00
_c
_d₹599.00
_e20%
_f19-02-2024
520 _aOffering an unparalleled, sweeping survey of the political ideologies that have shaped our world, the seventh edition of Andrew Heywood's seminal undergraduate textbook continues to lead the way in guiding students through the political creeds and doctrines that have dominated politics past and present. Covering an impressive array of topics, the first half of the book focusses on traditional ideologies such as Conservatism, Socialism, Liberalism, Anarchism and Fascism, while more contemporary movements such as Populism, Feminism, Green Ideology, Multiculturalism and Religious Fundamentalism form the latter part of the text. Taking into account the remarkable events that have shaken the political sphere in recent years, the text has been revised and updated throughout in order to show how the study of political ideologies can elucidate the significance of such striking phenomena as the decline of liberal democracy and the rise of populist movements and authoritarianism around the world. The most accessible, concise and yet comprehensive introduction to the topic, this is an indispensable textbook for students studying for courses on political ideologies, political theory and introductory politics. It should be essential reading for anyone seeking to gain an understanding of political ideologies for the first time. New to this Edition: A brand new chapter on Populism addressing the rise of populist movements across the world and the related decline of liberal democratic values More on sexualities, queer politics and trans issues in the chapter on Feminism; and a wider range of religions considered in the chapter on Religious Fundamentalism New Key Thinker boxes featuring a more diverse array of voices A fully revised concluding chapter on 'Why Political Ideologies Matter' Updated Political Ideologies in Action boxes reflecting on recent, major political events and their significant for political analysis A completely refreshed companion website comprising a testbank, PowerPoint slides, flashcard glossary, additional 'Political Ideologies in Action' cases, and interactive simulations
521 _aTable of Contents: 1. Introducing Political Ideologies 2. Liberalism 3. Conservatism 4. Socialism 5. Anarchism 6. Nationalism 7. Fascism 8. Populism 9. Feminism 10. Green Ideology 11. Multiculturalism 12. Religious Fundamentalism 13. Why Political Ideologies Matter.
650 _aPolitical Science
_9152175
942 _2ddc
_cBK
999 _c229901
_d229901